कुछ पल साथ रहो... (Record no. 113320)

MARC details
000 -LEADER
fixed length control field 01152nam a22002657a 4500
005 - DATE AND TIME OF LATEST TRANSACTION
control field 20170124102951.0
010 ## - LIBRARY OF CONGRESS CONTROL NUMBER
LC control number B-137956
020 ## - INTERNATIONAL STANDARD BOOK NUMBER
Terms of availability 125.00
International Standard Book Number 8181433068
035 ## - SYSTEM CONTROL NUMBER
System control number B-137956
037 ## - SOURCE OF ACQUISITION
Source of stock number/acquisition Cen Lib/Ret
040 ## - CATALOGING SOURCE
Original cataloging agency DPL
Language of cataloging HN
082 ## - DEWEY DECIMAL CLASSIFICATION NUMBER
Classification number 821
Item number तसली
100 ## - MAIN ENTRY--PERSONAL NAME
Personal name तसलीमा नसरीन
9 (RLIN) 51694
245 ## - TITLE STATEMENT
Title कुछ पल साथ रहो...
Statement of responsibility, etc तसलीमा नसरीन; अनुवादक सुशीला गुप्ता
246 ## - VARYING FORM OF TITLE
Title proper/short title Kuchh pal saath raho...
Remainder of title by Tasleema Nasreen; anuvadak Sushila Gupta
260 ## - PUBLICATION, DISTRIBUTION, ETC. (IMPRINT)
Place of publication, distribution, etc नई दिल्ली
Name of publisher, distributor, etc वाणी प्रकाशन
Date of publication, distribution, etc 2005
270 ## - ADDRESS
Address 21-ए, दरियागंज
City नई दिल्ली
Postal code 110002
300 ## - PHYSICAL DESCRIPTION
Extent 115पृ.
Dimensions 21सेमी(सजिल्द)
650 ## - SUBJECT ADDED ENTRY--TOPICAL TERM
Topical term or geographic name as entry element हिंदी साहित्य
9 (RLIN) 51695
650 ## - SUBJECT ADDED ENTRY--TOPICAL TERM
Topical term or geographic name as entry element हिंदी साहित्य -- कविता
9 (RLIN) 51696
650 ## - SUBJECT ADDED ENTRY--TOPICAL TERM
Topical term or geographic name as entry element Hindi literature
9 (RLIN) 51697
650 ## - SUBJECT ADDED ENTRY--TOPICAL TERM
Topical term or geographic name as entry element Hindi literature -- Poetry
9 (RLIN) 51698
700 ## - ADDED ENTRY--PERSONAL NAME
Personal name गुप्ता, सुशीला
9 (RLIN) 51699
942 ## - ADDED ENTRY ELEMENTS (KOHA)
Source of classification or shelving scheme Dewey Decimal Classification
Koha item type Hindi Books
Classification part 821
Call number suffix तसली
Holdings
Withdrawn status Lost status Damaged status Not for loan Home library Current library Date acquired Source of acquisition Cost, normal purchase price Total Checkouts Full call number Barcode Date last seen Copy number Cost, replacement price Price effective from Koha item type
        Central Library Central Library 12/08/2015 Cen Lib/Ret 125.00   821 तसली B-137956 12/08/2015 1 125.00 12/08/2015 Hindi Books

© Delhi Public Library
Hit Counter
free hit counter